LEADER 00532naa a2200145 i 4500 001 000000300930 003 CaOOAMICUS 005 20180831172712.0 008 180831n xx u000 u und u 013 $a8652 040 $aSeMil$bita 100 1 $aVen, Johannes A. : van der <1940->.$0(OLS)http://semarc/name/84865 245 10$aUnterwegs zu einer empirischen Theologie. 773 0 $tTheologie und Handeln.$dDüsseldorf : Patmos, 1984.$z3-491-77284-2$w()34927 996 $6245$aUnterwegs zu einer empirischen Theologie$9(OLS)http://semarc/title/376944 LEADER 00466nab a2200145 i 4500 001 000000309592 003 CaOOAMICUS 005 20180831172957.0 008 180831n xx uu u0 0und r 013 $a18685 040 $aSeMil$bita 100 1 $aNicora, Luigi,$c.$0(OLS)http://semarc/name/61485 245 10$aBonghi ed il Conclave. 773 0 $t[Luglio-Dicembre].$g404-425,489-506$w()273977 996 $6245$aBonghi ed il Conclave$9(OLS)http://semarc/title/384615